00397nam a22001097a 4500008004100000020001500041050003000056245014500086260002500231300001400256650001700270190607b xxu||||| |||| 00| 0 eng d a9290592133 aS494.5 b.A45P77 2007 c.1 aProfitable Agroforestry Innovations for Eastern AfricabExperience from 10 Agroclimatic Zones of Ethiopia, India, Kenya, tanzania and Uganda aNairobibRELMAc2007 aix, 374p. aAgroforestry